000 00493ntaaa2200193 4500
003 01
005 20251027201922.0
008 0714s1973 ag 01
040 _aAR-BaBN
_bspa
_cAR-BaBN
_eaacr
_dRIC
082 _a244.2000 R63
100 _aRojas Mayo, Juan
245 _aEl arco del peligro
250 _a1 ed.
260 _aFt. Lauderdale :
_bPublicaciones Juventud,
_cc1964
300 _a32 p.
500 _arelato de la serie "Aventuras juveniles"
650 _aHistorias
942 _cBK
999 _c13924
_d13924